000 00968cam a2200325 i 4500
001 768714001
003 CO-MdFUSB
005 20230530104057.0
007 ta
008 160601t1871 us f |||| 00| | eng d
020 _a 9780802881359
040 _aCO-MdFUSB
_bEspañol
_cCO-MdFUSB
_dCO-MdFUSB
_erda
041 0 _aeng
082 0 4 _223
_aR 230
_bH6881s
100 1 _aHodge, Charles (1797-1878)
_eautor
245 0 0 _aSistematic theology
_c / Charles Hodge
264 1 _aNew York, USA
_b : Scribner, Armstrong,
_c[1873]
264 4 _c© 1873
300 _a648 páginas
_c; 22 cm
336 _2rdacontent
_atexto
_btxt
337 _2rdamedia
_asin mediación
_bn
338 _2rdacarrier
_avolumen
_bnc
505 _aVol. 1 : Theology Vol. 2 : Antropology Vol. 3 : Soteriology - Eschatology
563 _aTapa dura
650 0 _9937
_aCalvinismo
700 _98287
_aHodge, Charles
_eautor
942 _cREF
945 _aMag 1104
999 _c31740
_d31740